The diversity of green plants / (Record no. 129127)

MARC details
000 -LEADER
fixed length control field 00734nam a22002411 4500
008 - FIXED-LENGTH DATA ELEMENTS--GENERAL INFORMATION
fixed length control field
020 ## - INTERNATIONAL STANDARD BOOK NUMBER
International Standard Book Number 0713121920 (pbk.)
049 ## - LOCAL HOLDINGS (OCLC)
Holding library MAIN
090 ## - LOCALLY ASSIGNED LC-TYPE CALL NUMBER (OCLC); LOCAL CALL NUMBER (RLIN)
Classification number (OCLC) (R) ; Classification number, CALL (RLIN) (NR) QK641
Local cutter number (OCLC) ; Book number/undivided call number, CALL (RLIN) BEL
003 - CONTROL NUMBER IDENTIFIER
control field
005 - DATE AND TIME OF LATEST TRANSACTION
control field 20230123122156.0
040 ## - CATALOGING SOURCE
Transcribing agency NUST
100 1# - MAIN ENTRY--PERSONAL NAME
Personal name Bell, Peter R.
245 14 - TITLE STATEMENT
Title The diversity of green plants /
Statement of responsibility, etc. [by] Peter R. Bell [and] Christopher L. F. Woodcock.
260 ## - PUBLICATION, DISTRIBUTION, ETC.
Place of publication, distribution, etc. London :
Name of publisher, distributor, etc. Edward Arnold,
Date of publication, distribution, etc. 1968.
300 ## - PHYSICAL DESCRIPTION
Extent ix, 374 p. :
Other physical details ill. ;
Dimensions 23 cm.
440 0# - SERIES STATEMENT/ADDED ENTRY--TITLE
Title Contemporary biology.
504 ## - BIBLIOGRAPHY, ETC. NOTE
Bibliography, etc. note Includes bibliographical references.
650 #0 - SUBJECT ADDED ENTRY--TOPICAL TERM
Topical term or geographic name entry element Plant morphology.
700 10 - ADDED ENTRY--PERSONAL NAME
Personal name Woodcock, Christopher L. F.
907 ## - LOCAL DATA ELEMENT G, LDG (RLIN)
a .b10365953
b 17-11-15
c 17-11-15
942 ## - ADDED ENTRY ELEMENTS (KOHA)
Koha item type Ordinary Loan Books
Call number prefix QK641
Call number suffix BEL
Holdings
Date last seen Total Checkouts Full call number Barcode Cost, replacement price Price effective from Koha item type Lost status Source of classification or shelving scheme Damaged status Not for loan Collection Withdrawn status Home library Current library Shelving location Date acquired Cost, normal purchase price
01/23/2023 4 QK641 BEL 92004037590 80.00 01/23/2023 BOOKS   LCC     NFIC   MAIN MAIN GEN 01/23/2023 80.00